000 01767cam a2200397 a 4500
001 14533326
003 PE-LiUPU
005 20250731184119.0
008 060905s2007 nyubj 000 1 eng
010 _a
020 _a0312328311
020 _a9780312328313
035 _a(OCoLC)ocm71288813
040 _aPE-LiUPU
_cPE-LiUPU
_beng
_erda
082 0 0 _a813.54
_bS275r
100 _aSaylor, Steven
_d1956-
_9645
_eAutor.
245 1 0 _aRoma :
_bThe novel of ancient Rome /
_cSteven Saylor.
250 _a1a Edicion.
264 _aNew York :
_bSt. Martin's Press,
_c2007.
300 _a555 páginas :
_bMapas, tablas ;
_c25 centímetros
505 0 _aFamily tree -- Names of the Roman months -- Map of the Roman world -- A stop on the salt route (1000 B.C.) -- A demigod passes through (850 B.C.) -- The twins (757-716 B.C.) -- Coriolanus (510-491 B.C.) -- The twelve tables (450-449 B.C.) -- The vestal (393-373 B.C.) -- The architect of his own fortune (312-279 B.C.) -- Scipio's shadow (216-183 B.C.) -- Friend of the Gracchi (146-121 B.C.) -- Heads in the Forum (81-74 B.C.) -- Caesar's heir (44-1 B.C.)
526 _aP145
526 _aP127
526 _aP97
526 _aP14
526 _aP07
650 0 _9646
_aNovela estadounidense
_xFicción
650 0 _9648
_aNovela policiaca
650 0 _9649
_aNovela histórica
651 0 _aRome
_xHistory
_vFiction.
_9647
700 _9650
_aWalsh, Susan
_eDiseño de Libro.
856 4 1 _3Sample text
_uhttp://www.loc.gov/catdir/enhancements/fy0711/2006051179-s.html
856 4 2 _3Publisher description
_uhttp://www.loc.gov/catdir/enhancements/fy0730/2006051179-d.html
942 _2ddc
_cBK
_n0
980 _622041
_aELI VALDERRAMA Analista Documental
_81
_gALBERTO SANCHEZ Responsable de Automatización
999 _c61625
_d61625